000 00629nam a22002417a 4500
003 UA-OsUOA
001 27945
007 ta
008 20040916b un ||||| |||| 00| 0 ukr d
100 _aБорзов Валерий
090 _a796.422.12
_bБ82
942 _cBK
040 _aUA-OsUOA
_brus
_cUA-OsUOA
_dUA-OsUOA
245 _a10 секунд - целая жизнь
_bДокументальная повесть
300 _a120 с.
_bІлюстрації
955 _a0
041 _arus
080 _a796.422.12
260 _aКиев
_bМолодь
_c1987
044 _aRU
650 7 _2UDC
999 _c314297
_d314297